Statistiken für Hauptstädte der Welt von A - Z (mit Hinweisen)

Klicken Sie hier um das Quiz zu spielen!

Allgemein

  • Dieses Quiz wurde 55 mal gespielt
  • Das Durchschnittsergebnis liegt bei 59 aus 196

Antwortstatistiken

KontinentLandHauptstadt% Korrekt
EuropaNiederlandeAmsterdam
86%
EuropaAndorraAndorra La Vella
79%
AfrikaNigeriaAbuja
75%
AfrikaGhanaAccra
75%
EuropaSerbienBelgrad
75%
EuropaDeutschlandBerlin
75%
SüdamerikaParaguayAsunción
71%
EuropaGriechenlandAthen
71%
EuropaSchweizBern
71%
AfrikaAlgerienAlgier
68%
SüdamerikaBrasilienBrasilia
68%
AfrikaÄthiopienAddis Abeba
64%
AfrikaMadagaskarAntananarivo
64%
EuropaUngarnBudapest
64%
AsienVereinigte Arabische EmirateAbu Dhabi
61%
SüdamerikaKolumbienBogotá
61%
EuropaSlowakeiBratislava
61%
EuropaBelgienBrüssel
61%
SüdamerikaArgentinienBuenos Aires
61%
EuropaRumänienBukarest
61%
SüdamerikaVenezuelaCaracas
61%
EuropaKroatienZagreb
57%
AsienTürkeiAnkara
54%
AsienIrakBagdad
54%
NordamerikaBelizeBelmopan
54%
OzeanienAustralienCanberra
54%
EuropaPolenWarschau
54%
NordamerikaVereinigte StaatenWashington, D. C.
54%
EuropaÖsterreichWien
54%
AsienJordanienAmman
50%
AsienAserbaidschanBaku
50%
EuropaLiechtensteinVaduz
50%
EuropaVatikanstadtVatikanstadt
50%
OzeanienNeuseelandWellington
50%
OzeanienSamoaApia
46%
AfrikaMaliBamako
46%
AsienThailandBangkok
46%
EuropaMoldawienChișinău
46%
SüdamerikaGuyanaGeorgetown
46%
EuropaFinnlandHelsinki
46%
AfrikaEritreaAsmara
43%
AsienLibanonBeirut
43%
AfrikaDschibutiDschibuti
43%
EuropaMaltaValletta
43%
AsienTurkmenistanAschgabat
39%
AsienKirgisistanBischkek
39%
AfrikaSenegalDakar
39%
AsienBangladeschDhaka
39%
EuropaIrlandDublin
39%
AfrikaSierra LeoneFreetown
39%
EuropaSchwedenStockholm
39%
EuropaLitauenVilnius
39%
AfrikaRepublik KongoBrazzaville
36%
AsienSyrienDamaskus
36%
AsienTadschikistanDuschanbe
36%
NordamerikaGuatemalaGuatemala-Stadt
36%
AfrikaKamerunJaundé
36%
AsienIsraelJerusalem
36%
EuropaUkraineKiew
36%
EuropaDänemarkKopenhagen
36%
SüdamerikaPeruLima
36%
EuropaVereinigtes KönigreichLondon
36%
EuropaLuxemburgLuxemburg
36%
EuropaEstlandTallinn
36%
AfrikaElfenbeinküsteYamoussoukro
36%
AfrikaGambiaBanjul
32%
NordamerikaSt. Kitts und NevisBasseterre
32%
AfrikaTansaniaDodoma
32%
AsienVietnamHanoi
32%
AsienPakistanIslamabad
32%
AsienAfghanistanKabul
32%
EuropaPortugalLissabon
32%
EuropaSpanienMadrid
32%
EuropaNorwegenOslo
32%
EuropaTschechienPrag
32%
AsienMongoleiUlaanbaatar
32%
AfrikaNamibiaWindhoek
32%
AsienBruneiBandar Seri Begawan
29%
AfrikaZentralafrikanische RepublikBangui
29%
AfrikaGuinea-BissauBissau
29%
NordamerikaSt. LuciaCastries
29%
AfrikaBotswanaGaborone
29%
AfrikaBurundiGitega
29%
NordamerikaKubaHavanna
29%
AsienArmenienJerewan
29%
AfrikaAngolaLuanda
29%
EuropaBelarusMinsk
29%
EuropaFrankreichParis
29%
AsienChinaPeking
29%
SüdamerikaEcuadorQuito
29%
EuropaSan MarinoSan Marino
29%
SüdamerikaChileSantiago de Chile
29%
EuropaBosnien und HerzegowinaSarajevo
29%
EuropaAlbanienTirana
29%
AfrikaSüdafrikaBloemfontein / Kapstadt / Pretoria
25%
NordamerikaBarbadosBridgetown
25%
AsienOsttimorDili
25%
AsienKatarDoha
25%
OzeanienTuvaluFunafuti
25%
OzeanienSalomonenHoniara
25%
AsienIndonesienJakarta
25%
AfrikaÄgyptenKairo
25%
AfrikaRuandaKigali
25%
NordamerikaJamaikaKingston
25%
AfrikaDemokratische Republik KongoKinshasa
25%
EuropaSlowenienLjubljana
25%
AfrikaSambiaLusaka
25%
NordamerikaMexikoMexiko-Stadt
25%
SüdamerikaUruguayMontevideo
25%
NordamerikaKanadaOttawa
25%
NordamerikaPanamaPanama-Stadt
25%
EuropaMontenegroPodgorica
25%
EuropaKosovoPristina
25%
EuropaLettlandRiga
25%
EuropaItalienRom
25%
EuropaNordmazedonienSkopje
25%
SüdamerikaBolivienSucre
25%
AfrikaTunesienTunis
25%
OzeanienNauruYaren
25%
AfrikaGuineaConakry
21%
AfrikaSimbabweHarare
21%
NordamerikaSt. Vincent und die GrenadinenKingstown
21%
OzeanienMarshallinselnMajuro
21%
EuropaRusslandMoskau
21%
SüdamerikaSurinameParamaribo
21%
NordamerikaHaitiPort-au-Prince
21%
AsienSüdkoreaSeoul
21%
EuropaBulgarienSofia
21%
AfrikaSeychellenVictoria
21%
AsienLaosVientiane
21%
AfrikaUgandaKampala
18%
AsienNepalKathmandu
18%
AsienKuwaitKuwait-Stadt
18%
NordamerikaNicaraguaManagua
18%
OzeanienPapua-NeuguineaPort Moresby
18%
NordamerikaTrinidad und TobagoPort of Spain
18%
AsienJemenSanaa
18%
NordamerikaCosta RicaSan José
18%
OzeanienFidschiSuva
18%
AsienTaiwanTaipeh
18%
NordamerikaHondurasTegucigalpa
18%
AsienIranTeheran
18%
AsienGeorgienTiflis
18%
AsienJapanTokio
18%
AfrikaLibyenTripolis
18%
AfrikaSüdsudanJuba
14%
AfrikaSudanKhartoum
14%
AsienMalaysiaKuala Lumpur
14%
AfrikaGabunLibreville
14%
AfrikaÄquatorialguineaMalabo
14%
AsienMaledivenMalé
14%
AsienPhilippinenManila
14%
OzeanienPalauNgerulmud
14%
OzeanienTongaNuku'alofa
14%
OzeanienFöderierte Staaten von MikronesienPalikir
14%
AsienKambodschaPhnom Penh
14%
AsienNordkoreaPjöngjang
14%
OzeanienVanuatuPort Vila
14%
AfrikaMarokkoRabat
14%
EuropaIslandReykjavik
14%
AsienSaudi-ArabienRiad
14%
NordamerikaEl SalvadorSan Salvador
14%
NordamerikaDominikanische RepublikSanto Domingo
14%
AsienSingapurSingapur
14%
AsienUsbekistanTaschkent
14%
AfrikaTogoLomé
11%
AsienBahrainManama
11%
AfrikaMosambikMaputo
11%
AfrikaLesothoMaseru
11%
AfrikaEswatiniMbabane
11%
AfrikaSomaliaMogadischu
11%
EuropaMonacoMonaco
11%
NordamerikaBahamasNassau
11%
AfrikaBurkina FasoOuagadougou
11%
AfrikaMauritiusPort Louis
11%
AfrikaBeninPorto-Novo
11%
AfrikaKap VerdePraia
11%
NordamerikaGrenadaSaint George's
11%
AfrikaSão Tomé und PrincipeSão Tomé
11%
OzeanienKiribatiSouth Tarawa
11%
AsienBhutanThimphu
11%
AsienKasachstanAstana
7%
AfrikaMalawiLilongwe
7%
AsienOmanMaskat
7%
AfrikaLiberiaMonrovia
7%
AfrikaKeniaNairobi
7%
AsienMyanmarNaypyidaw
7%
AfrikaNigerNiamey
7%
NordamerikaDominicaRoseau
7%
NordamerikaAntigua und BarbudaSaint John's
7%
AfrikaTschadN'Djamena
4%
AsienIndienNeu-Delhi
4%
AsienZypernNikosia
4%
AfrikaMauretanienNouakchott
4%
AsienSri LankaSri Jayawardenepura Kotte
4%
AfrikaKomorenMoroni
0%

Verteilung der Resultate

Perzentil nach korrekt beantworteten Fragen

Anzahl Personen mit jedem Resultat

Ihre Resultats-Entwicklung

Sie haben dieses Quiz noch nicht gespielt